000 00391nam a22001697a 4500
003 MPLRDC
005 20220104114349.0
008 210129b ||||| |||| 00| 0 eng d
082 _a857.623 YG-15 v.2
100 _a余过
245 _a半死人
_c
260 _a
_b明屋出版社
_c
300 _b
490 _a四人夜话
650 _a灵异小说
942 _cBK
_o857.623 YG-15 v.2
999 _c6909
_d6899